The key to a digital future (Record no. 69061)
[ view plain ]
| 000 -LEADER | |
|---|---|
| fixed length control field | 01318cam a2200229 4500 |
| 001 - CONTROL NUMBER | |
| control field | ABS64950 |
| 008 - FIXED-LENGTH DATA ELEMENTS--GENERAL INFORMATION | |
| fixed length control field | 011210n2001 000 0 eng u |
| 035 ## - SYSTEM CONTROL NUMBER | |
| System control number | (Sirsi) u115932 |
| 100 ## - MAIN ENTRY--PERSONAL NAME | |
| Personal name | Thompson, E |
| 245 #4 - TITLE STATEMENT | |
| Title | The key to a digital future |
| 260 ## - PUBLICATION, DISTRIBUTION, ETC. | |
| Date of publication, distribution, etc. | 2001 |
| 490 ## - SERIES STATEMENT | |
| Series statement | Estates Gazette |
| Volume/sequential designation | (0146) 17 November 2001, 172-173(2) |
| 520 ## - SUMMARY, ETC. | |
| Summary, etc. | The first in a series of three articles on e-conveyancing examines the issues surrounding the digital signature and considers its pros and cons. Looks at current practices used to complete a transaction including the written signature, and outlines the defects with the process. Provides a definition of a digital signature and explains the use of encryption technology which should make the signed document more secure and easier to detect fraud. Concludes that a fundamental problem is that anyone can pretend to be you by intercepting your document, reapplying their own digital signature and passing on their own public key to the recipient . Includes a timetable for launching the Land Registry Act. |
| 590 ## - LOCAL NOTE (RLIN) | |
| Local note | ABS |
| 650 ## - SUBJECT ADDED ENTRY--TOPICAL TERM | |
| Topical term or geographic name entry element | ELECTRONIC TRANSACTIONS |
| 650 ## - SUBJECT ADDED ENTRY--TOPICAL TERM | |
| Topical term or geographic name entry element | LAND REGISTRATION BILL |
| 650 ## - SUBJECT ADDED ENTRY--TOPICAL TERM | |
| Topical term or geographic name entry element | PROPERTY TRANSACTIONS |
| 650 ## - SUBJECT ADDED ENTRY--TOPICAL TERM | |
| Topical term or geographic name entry element | E-SIGNATURES |
| 650 ## - SUBJECT ADDED ENTRY--TOPICAL TERM | |
| Topical term or geographic name entry element | DIGITAL SIGNATURES |
| 690 ## - LOCAL SUBJECT ADDED ENTRY--TOPICAL TERM (OCLC, RLIN) | |
| Topical term or geographic name as entry element | PROPERTY AND LAND LAW-CONVEYANCING |
| 942 ## - ADDED ENTRY ELEMENTS (KOHA) | |
| Suppress in OPAC | 0 |
| Withdrawn status | Lost status | Source of classification or shelving scheme | Damaged status | Not for loan | Home library | Current library | Shelving location | Date acquired | Total Checkouts | Full call number | Barcode | Date last seen | Copy number | Price effective from | Koha item type |
|---|---|---|---|---|---|---|---|---|---|---|---|---|---|---|---|
| Dewey Decimal Classification | London | London | Journal article | 10/12/2001 | ABS64950 | 115932-1001 | 06/08/2019 | 1 | 06/08/2019 | Journal article |